Statistiques concernant Qui dit cette réplique dans les Aristochats ?

Cliquez ici pour prendre le quiz!

Statistiques générales

  • Ce quiz a été pris 112 fois
  • Le résultat moyen est 7 sur 13

Statistiques - réponses

HintRéponse% Correct
"Les dames ne commencent jamais les disputes... mais elles savent les finir !"Marie
91%
"Suprême de crême à la Edgar"Edgar
90%
"Cafarde !"Berlioz
77%
"Tout le monde en voiture pour Paris !"Thomas O'Malley
72%
"C'est tout à fait indigne d'une jeune femme du monde !"Duchesse
70%
"Marie c'est le fourgon !"Toulouse
64%
"Ca mérite un autre biscuit"Roquefort
63%
"Amelie nous nées avec les pieds plats"Amelia
62%
"Arrête trompette, c'est moi qui suis le chef, c'est moi qui décide quand on y va... Alors on y va !"Napoleon
53%
"Et la pauvre Madame n'a pas dormi non plus..."Frou Frou
34%
"C'est comme les bottines à boutons !"Scat Cat
33%
"Je ne suis plus aussi fringuant qu'à 80 ans"Georges Hautecour
24%
"Duchesse ? Chatons ? Duchesse ? Où êtes vous ?"Adelaide Bonnefamille
11%

Distribution des résultats

Percentile par nombre de réponses

% des personnes avec chaque résultat

Votre développement - résultats

Vous n’avez pas pris ce quiz